000 00695cam a2200241 a 4500
001 000008630
005 20200929161357.0
008 940308s1991 sp 000 f spa d
020 _a8432206547
040 _aDO-SdBNP
_cDLC
082 _a863.64
_bG491s
100 1 _aGiménez Frontín, José Luis,
_d1943-
_923063
245 1 0 _aSeñorear la tierra /
_cJosé Luis Giménez Frontín.
260 _aBarcelona :
_bSeix Barral,
_c1991.
300 _a237 p. ;
_c21 cm.
490 1 _aBiblioteca breve
650 4 _aNovela española
_91123
650 4 _aLiteratura española
_9632
830 0 _aBiblioteca breve
_913442
910 _aCatalogación por copia / LC
910 _aWM
049 _aBNGR
999 _c8400
_d8400